000
00341nam a22001457a 4500
008
210531b ||||| |||| 00| 0 eng d
020
_a
9780072430561
041
_a
eng
080
_2
17th
_a
658
082
_a
658
100
_a
54
101
_a
MEN
245
_a
A Systems Approach to Small Group Interaction
_c
Tubbs,S.L
942
_2
udc
_c
BK
999
_c
57848
_d
57848